[Event "14th Sants Open A"]
[Site "Barcelona ESP"]
[Date "2012.08.17"]
[Round "1.5"]
[White "Andreoni,G"]
[Black "Shankland,S"]
[Result "0-1"]
[WhiteElo "2114"]
[BlackElo "2581"]

1.e4 c5 2.Nf3 e6 3.d4 cxd4 4.Nxd4 a6 5.Nc3 Qc7 6.Be2 Nf6 7.O-O Bc5 8.Be3 d6
9.a3 O-O 10.Qd2 e5 11.Nb3 Bxe3 12.Qxe3 Be6 13.f4 Nbd7 14.Rad1 Rfd8 15.Kh1 Rac8
16.Rd2 Bxb3 17.cxb3 Qc5 18.Qg3 exf4 19.Qxf4 Ne5 20.Rfd1 h6 21.g3 Ng6 22.Qf5 Re8
23.Rxd6 Nxe4 24.R6d5 Qe3 25.Nxe4 Qxe2 26.Nc3 Qxb2 27.Rd7 Ne5  0-1

[Event "EY Boys U16 2012"]
[Site "Prague CZE"]
[Date "2012.08.17"]
[Round "1.44"]
[White "Shpakovsky,K"]
[Black "Kanjaryan,V"]
[Result "1-0"]
[WhiteElo "1760"]
[BlackElo "2091"]

1.e4 c5 2.Nf3 e6 3.d4 cxd4 4.Nxd4 a6 5.Nc3 Qc7 6.Bd3 Nf6 7.O-O Nc6 8.Be3 Be7
9.Kh1 O-O 10.f4 d6 11.Qf3 Bd7 12.Qg3 Nh5 13.Qh3 Nxd4 14.Bxd4 Nxf4 15.Rxf4 e5
16.Qg3 exd4 17.Nd5 Qd8 18.Raf1 Be6 19.Qf2 Bg5 20.Rf3 Bg4 21.Rxf7 Be6 22.Rxf8+ Qxf8
23.Nc7 Qc8 24.Nxa8 Qxa8 25.Qxd4 Qb8 26.Bc4 Qc8 27.Bxe6+ Qxe6 28.Qd5 Qxd5
29.exd5 Bf6 30.c3 Kf7 31.Rf4 a5 32.Rc4 Bd8 33.g3 Ke7 34.Rc8 Kd7 35.Rxd8+ Kxd8
36.Kg2 Kc7 37.a4 Kb6 38.b4 Ka6 39.Kf3 b5 40.axb5+ Kxb5 41.bxa5 Kxa5 42.Ke4 Kb5
43.Kf5 Kc4 44.Ke6 Kc5 45.h3 h5 46.g4 hxg4 47.hxg4 g5 48.c4  1-0

[Event "12th Brasschaat Open"]
[Site "Brasschaat BEL"]
[Date "2012.08.18"]
[Round "1.4"]
[White "De Cock,Constant"]
[Black "Mainka,R"]
[Result "0-1"]
[WhiteElo "1754"]
[BlackElo "2467"]

1.e4 c5 2.Nf3 e6 3.d4 cxd4 4.Nxd4 a6 5.Nc3 Qc7 6.Bd3 Nf6 7.O-O Bc5 8.Nb3 Be7
9.Be3 b5 10.f3 O-O 11.Qe2 d5 12.exd5 b4 13.Na4 Nxd5 14.Nac5 Nd7 15.Nxd7 Bxd7
16.Kh1 a5 17.Bd2 Bf6 18.Qe4 g6 19.Nd4 Qc5 20.Nb3 Qb6 21.Rab1 Bc6 22.Qe1 Bb5
23.Bxb5 Qxb5 24.c3 bxc3 25.bxc3 Qc4 26.Nd4 Qxa2 27.Ne2 Qc4 28.f4 Rfc8 29.Qg3 Qxe2  0-1

[Event "2nd Metropolitan International"]
[Site "Los Angeles USA"]
[Date "2012.08.18"]
[Round "9"]
[White "Sevian,Samuel"]
[Black "Liou,Y"]
[Result "1-0"]
[WhiteElo "2316"]
[BlackElo "2350"]

1.e4 c5 2.Nf3 e6 3.d4 cxd4 4.Nxd4 a6 5.Nc3 Qc7 6.Be2 Bb4 7.O-O Nf6 8.Qd3 O-O
9.Bg5 Be7 10.f4 h6 11.Bh4 d6 12.Rad1 Nbd7 13.Qg3 Re8 14.Bf3 Nh7 15.Bxe7 Rxe7
16.Nd5 exd5 17.Nf5 Qb6+ 18.Kh1 Qxb2 19.Nxe7+ Kf8 20.Nxd5 Qxa2 21.Qh4 f6 22.e5 Qa5
23.e6  1-0

[Event "2nd Metropolitan International"]
[Site "Los Angeles USA"]
[Date "2012.08.18"]
[Round "9"]
[White "Sevillano,E"]
[Black "Aldama Degurnay,D"]
[Result "0-1"]
[WhiteElo "2526"]
[BlackElo "2425"]

1.e4 c5 2.Nf3 e6 3.d4 cxd4 4.Nxd4 a6 5.Nc3 Qc7 6.g3 Nf6 7.Bg2 Bb4 8.O-O Bxc3
9.bxc3 d6 10.Ba3 O-O 11.e5 dxe5 12.Nb3 Bd7 13.Bxf8 Kxf8 14.Qc1 Bc6 15.Qa3+ Qe7
16.Qxe7+ Kxe7 17.Rfe1 Bxg2 18.Kxg2 Nc6 19.Nc5 b6 20.Nd3 e4 21.Nb4 Nb8 22.a3 a5
23.Na2 Nbd7 24.Rab1 Rc8 25.h3 Rc6 26.Kf1 Ne5 27.Re2 Nc4 28.a4 Nd7 29.Nc1 Nc5
30.Ra1 Nb2 31.Nb3 Nbxa4 32.Nxc5 Nxc5 33.Ree1 f5 34.Ke2 Nd7 35.Ra3 Nf6 36.Rb1 Nd5
37.Kd2 Kd6 38.h4 g6 39.Rbb3 e3+ 40.fxe3 Nf6 41.Rb5 Ne4+ 42.Kd3 Nxg3 43.c4 Ne4
44.Kd4 Kc7  0-1

[Event "Stare Mesto Open 2012"]
[Site "Stare Mesto CZE"]
[Date "2012.08.18"]
[Round "10.7"]
[White "Jasny,S"]
[Black "Pribila,G"]
[Result "1-0"]
[WhiteElo "2308"]
[BlackElo "2079"]

1.e4 c5 2.Nf3 e6 3.d4 cxd4 4.Nxd4 a6 5.Nc3 Qc7 6.Bd3 b5 7.O-O Bb7 8.Re1 Bb4
9.Bd2 Nf6 10.Ncxb5 axb5 11.Bxb4 Bc6 12.Nxb5 Bxb5 13.Bxb5  1-0

[Event "32nd Bratto Masters"]
[Site "Bratto ITA"]
[Date "2012.08.19"]
[Round "2.7"]
[White "Ranieri,F"]
[Black "Das,Arg"]
[Result "0-1"]
[WhiteElo "2287"]
[BlackElo "2479"]

1.e4 c5 2.Nf3 e6 3.d4 cxd4 4.Nxd4 a6 5.Nc3 Qc7 6.Be2 Nf6 7.O-O d6 8.f4 Be7
9.a4 Nc6 10.Kh1 O-O 11.Be3 Re8 12.Bf3 Bd7 13.Nb3 b6 14.Qe2 Bc8 15.g4 Nd7
16.g5 Bf8 17.Qg2 Bb7 18.h4 Nb4 19.Rf2 g6 20.Nd1 e5 21.f5 d5 22.fxg6 hxg6
23.exd5 e4 24.Bg4 Nxd5 25.h5 Ne5 26.Qh3 Nxg4 27.Qxg4 Bd6 28.Nd4 Bc8 29.Qg1 Nf4
30.Nc3 Nxh5 31.Nd5 Qd7 32.Qg2 Bc5 33.c4 Bb7 34.b4 Bxd4 35.Bxd4 Bxd5 36.cxd5 e3
37.Rc2 Re4  0-1

[Event "2nd Isthmia Open A"]
[Site "Korinthia GRE"]
[Date "2012.08.19"]
[Round "3.1"]
[White "Akshayraj,K"]
[Black "Fedorchuk,S"]
[Result "0-1"]
[WhiteElo "2483"]
[BlackElo "2639"]

1.e4 c5 2.Nf3 e6 3.Nc3 a6 4.d4 cxd4 5.Nxd4 b5 6.Bd3 Qb6 7.Be3 Bc5 8.Qg4 Bxd4
9.e5 Bxe3 10.Qxg7 Bxf2+ 11.Kd1 Nc6 12.Qxh8 Ne7 13.Ne4 Bb7 14.Qxh7 Bxe4 15.Qxe4 Nd5
16.Rf1 Qe3 17.a4 b4 18.a5 f5 19.exf6 Ngxf6 20.Qf3 Bh4 21.g3 Bg5 22.Qf2 Ke7
23.Qe2 Qd4 24.Ke1 Qxb2 25.Kf2 Qd4+  0-1

[Event "Husek Vienna Open A"]
[Site "Vienna AUT"]
[Date "2012.08.19"]
[Round "7"]
[White "Zoldan,M"]
[Black "Fauland,A"]
[Result "1/2-1/2"]
[WhiteElo "2191"]
[BlackElo "2448"]

1.e4 c5 2.Nf3 e6 3.d4 cxd4 4.Nxd4 a6 5.Nc3 Ne7 6.Be3 Nbc6 7.f4 b5 8.Qd2 Nxd4
9.Bxd4 Bb7 10.Bd3 Nc6 11.Be3 Rc8 12.Qf2 Bb4 13.O-O O-O 14.a4 bxa4 15.Nxa4 d6
16.c3 Ba5 17.Nb6 Ra8  1/2-1/2

[Event "12th ch-Euro Seniors"]
[Site "Kaunas LTU"]
[Date "2012.08.20"]
[Round "3.41"]
[White "Levin,Evgeny"]
[Black "Pitkanen,Ju"]
[Result "1/2-1/2"]
[WhiteElo "1982"]
[BlackElo "1761"]

1.e4 c5 2.Nc3 e6 3.Nf3 a6 4.d4 cxd4 5.Nxd4 b5 6.a3 Bb7 7.Be2 Qc7 8.O-O Nf6
9.Bf3 Nc6 10.Nxc6 dxc6 11.Qe2 Be7 12.Bg5 O-O 13.Rad1 Rfd8 14.Rxd8+ Rxd8 15.Rd1 Ne8
16.Bxe7 Qxe7 17.Rxd8 Qxd8 18.e5 Qd4  1/2-1/2

[Event "e2e4 Gatwick Masters A 2012"]
[Site "Crawley ENG"]
[Date "2012.08.21"]
[Round "6.1"]
[White "White,Mi"]
[Black "Miezis,N"]
[Result "0-1"]
[WhiteElo "2346"]
[BlackElo "2580"]

1.e4 c5 2.Nf3 e6 3.Nc3 a6 4.d4 cxd4 5.Nxd4 Qc7 6.Bd3 Nc6 7.Nxc6 dxc6 8.O-O e5
9.f4 Nf6 10.Kh1 Bd6 11.f5 h5 12.Be3 Qe7 13.Qf3 Ng4 14.Bb6 Nf6 15.a4 a5 16.Bc4 Bc5
17.Bxc5 Qxc5 18.Bb3 b6 19.Qg3 Kf8 20.Qh4 Ba6 21.Rf3 Rd8 22.g4 Rd2 23.g5 Ng4  0-1

[Event "12th World Uni Women"]
[Site "Guimaraes POR"]
[Date "2012.08.21"]
[Round "3.9"]
[White "Salazar Loor,S"]
[Black "Castro Chabuza,D"]
[Result "1-0"]
[WhiteElo "1887"]
[BlackElo "1769"]

1.e4 c5 2.Nf3 e6 3.d4 cxd4 4.Nxd4 a6 5.Nc3 d6 6.Be3 Nf6 7.f3 b5 8.a3 Bb7
9.Qd2 Nbd7 10.O-O-O Rc8 11.g4 Ne5 12.Be2 Nc4 13.Bxc4 Rxc4 14.h4 b4 15.axb4 Rxb4
16.g5 Nd7 17.b3 Ne5 18.Na2 Rb6 19.Rhg1 Nc6 20.h5 g6 21.h6 Rg8 22.Qf2 Nxd4
23.Bxd4 Rb5 24.Qe3 Rxg5 25.Qxg5 Qxg5+ 26.Rxg5 Bxh6 27.Bf6 Bxg5+ 28.Bxg5 f5
29.Rxd6  1-0

[Event "12th World Uni Men"]
[Site "Guimaraes POR"]
[Date "2012.08.21"]
[Round "4.6"]
[White "Amgalanbaatar,R"]
[Black "Papin,V"]
[Result "0-1"]
[WhiteElo "2115"]
[BlackElo "2570"]

1.e4 c5 2.Nf3 e6 3.d4 cxd4 4.Nxd4 a6 5.Nc3 Qc7 6.Bd3 Bc5 7.Nb3 Be7 8.Qe2 b5
9.Be3 Bb7 10.O-O-O Nf6 11.f3 d5 12.exd5 Nxd5 13.Bd4 O-O 14.Be5 Bd6 15.Bxd6 Qxd6
16.Nxd5 Bxd5 17.Be4 Nd7 18.Bxd5 exd5 19.Qd2 Nb6 20.h4 Rac8 21.Kb1 Rc4 22.h5 Rfc8
23.Nd4 Na4 24.Rhe1 Qf6 25.h6 gxh6 26.g4 a5 27.c3 b4 28.cxb4 Rxb4 29.Nb3 Rcb8
30.Re3 Nc5 31.Qxd5 Qg6+ 32.Qf5 Nxb3 33.axb3 Rxb3 34.Rd8+ Kg7 35.Rxb8 Rxe3
36.Rb5 Rxf3 37.Qxg6+ hxg6 38.Rxa5 Rf4 39.Kc2 Rxg4 40.Kc3 h5 41.b4 h4 42.Ra2 h3
43.b5 Rh4 44.b6 h2 45.b7 h1=Q 46.b8=Q Qc1+ 47.Kb3 Qb1+ 48.Rb2 Qd3+  0-1

[Event "12th ch-Euro Seniors"]
[Site "Kaunas LTU"]
[Date "2012.08.21"]
[Round "4.39"]
[White "Janulynas,J"]
[Black "Masich,Vl"]
[Result "1-0"]
[WhiteElo "1805"]
[BlackElo "1947"]

1.e4 c5 2.Nf3 e6 3.d4 cxd4 4.Nxd4 a6 5.Nc3 Qc7 6.Bd3 Nc6 7.Nxc6 dxc6 8.Be3 Bb4
9.Qd2 Nf6 10.a3 Be7 11.h3 e5 12.f4 exf4 13.Bxf4 Bd6 14.Bxd6 Qxd6 15.O-O-O O-O
16.Qg5 h6 17.Qh4 Qe5 18.Rhf1 b5 19.Rf3 a5 20.Rdf1 b4 21.Rxf6 gxf6 22.Rxf6 Qg5+
23.Qxg5+ hxg5 24.Na4 bxa3 25.bxa3 Be6 26.Nc5 Kg7 27.Rxe6 fxe6 28.Nxe6+ Kf6
29.Nxf8 Rxf8 30.Kd2 Ke5 31.Ke3 Rb8 32.Kf3 Rb1 33.Kg4 Ra1 34.Kxg5 Rxa3 35.h4 Rxd3
36.cxd3 a4 37.h5 Ke6 38.h6 Kf7 39.e5 a3 40.e6+  1-0

[Event "4th Pilsen Open 2012"]
[Site "Plzen CZE"]
[Date "2012.08.21"]
[Round "5.7"]
[White "Pokorny,Ji"]
[Black "Vorobyov,Y"]
[Result "1-0"]
[WhiteElo "1939"]
[BlackElo "2254"]

1.e4 c5 2.Nf3 a6 3.Nc3 e6 4.d4 cxd4 5.Nxd4 b5 6.Bd3 Qb6 7.Nb3 Nc6 8.Be3 Qc7
9.f4 d6 10.O-O Nf6 11.Qf3 Bb7 12.Qg3 Rc8 13.a3 e5 14.Nd5 Nxd5 15.exd5 Ne7
16.fxe5 dxe5 17.Rae1 Nxd5 18.Bd4 f6 19.Bxe5 fxe5 20.Rxe5+ Ne7 21.Bg6+ hxg6
22.Qxg6+ Kd7 23.Rd1+ Bd5 24.Rdxd5+ Nxd5 25.Qe6+  1-0

[Event "12th Brasschaat Open"]
[Site "Brasschaat BEL"]
[Date "2012.08.22"]
[Round "5.3"]
[White "Schuermans,R"]
[Black "Mirumian,V"]
[Result "0-1"]
[WhiteElo "2180"]
[BlackElo "2521"]

1.e4 c5 2.Nf3 e6 3.d4 cxd4 4.Nxd4 a6 5.Nc3 b5 6.Bd3 Bb7 7.O-O Qb6 8.Nf3 Qc7
9.e5 Ne7 10.Bf4 f5 11.Bxb5 Ng6 12.Be3 axb5 13.Nxb5 Qc6 14.Nd6+ Bxd6 15.Qxd6 Qxd6
16.exd6 f4 17.Bb6 Bxf3 18.gxf3 Ne5 19.b3 Nxf3+ 20.Kg2 Nh4+ 21.Kh3 Nf5 22.Rfd1 Ra6
23.Bc7 Kf7 24.a4 h5 25.Kg2 Rc6 26.b4 Rxc2 27.Rdc1 Rd2 28.b5 Nxd6 29.Rd1 Rxd1
30.Rxd1 Nc4 31.Bxb8 Rxb8 32.Rxd7+ Kf6 33.Rd4 Nb6 34.Rxf4+ Ke5 35.Rf7 Nxa4
36.Rxg7 Kf6 37.Ra7 Nc3 38.Ra3 Nxb5 39.Rf3+ Ke5 40.Rg3 Kf6 41.Rf3+ Kg6 42.Rb3 Rb7
43.h4 Nd6 44.Rg3+ Kf6 45.Rf3+ Nf5  0-1

[Event "EY Girls U16 2012"]
[Site "Prague CZE"]
[Date "2012.08.22"]
[Round "6.19"]
[White "Federovski,Adi"]
[Black "Shamatava,A"]
[Result "1/2-1/2"]
[WhiteElo "1851"]
[BlackElo "2086"]

1.e4 c5 2.Nc3 a6 3.Nf3 e6 4.d4 cxd4 5.Nxd4 b5 6.Bd3 Qb6 7.Nb3 Bb7 8.O-O d6
9.Be3 Qc7 10.f4 Nd7 11.a3 Ngf6 12.Qf3 Be7 13.Nd4 Nc5 14.Rae1 O-O 15.Bf2 d5
16.e5 Nfe4 17.Bxe4 Nxe4 18.Nxe4 dxe4 19.Qh3 Bc5 20.c3 Bd5 21.Be3 f5 22.exf6 Rxf6
23.f5 Bxd4 24.Bxd4 Rh6 25.Qg3 Qxg3 26.hxg3 Rf8 27.fxe6 Rxe6 28.Rxf8+ Kxf8
29.Kf2 Rg6 30.Be5 Ke7 31.Ke3 Ke6 32.Bf4 Rf6 33.Rd1 h6 34.Bc7 Rf5 35.Bb6 h5
36.Rd2 Rf1 37.Rf2 Re1+ 38.Kd2 Rb1 39.Ke3 Rd1 40.Rd2 Rxd2 41.Kxd2 Bc4 42.Ke3 Kd5
43.Bd4 g6 44.g4 h4 45.Bf6 Bf1 46.Kf2 h3 47.gxh3 Bxh3 48.g5 Ke6 49.Ke3 Kf5
50.Bd8 Bf1 51.Be7 Bd3 52.Bf6 Bc2 53.Kd2 Bb3 54.Ke3 a5 55.Bd8 a4 56.Bf6 Bc4
57.Bd8 Bd3 58.Bf6 Kg4 59.Be7 Kg3 60.Bd6+ Kg2 61.Be5 Kf1 62.Bg3 Bb1 63.c4 bxc4
64.Be5  1/2-1/2

[Event "EY Boys U18 2012"]
[Site "Prague CZE"]
[Date "2012.08.22"]
[Round "6.4"]
[White "Kadric,D"]
[Black "Meskovs,N"]
[Result "1-0"]
[WhiteElo "2418"]
[BlackElo "2347"]

1.e4 c5 2.Nf3 e6 3.d4 cxd4 4.Nxd4 a6 5.Nc3 Qc7 6.Bd3 Nf6 7.O-O d6 8.Kh1 Nbd7
9.f4 b5 10.Qe2 Bb7 11.Bd2 h5 12.b4 h4 13.a4 bxa4 14.Rxa4 Nb6 15.Raa1 Qc8
16.Nb3 d5 17.e5 Nh5 18.Na4 Qd8 19.Be1 Ng3+ 20.Bxg3 hxg3 21.h3 Nc4 22.Nd4 Qc7
23.c3 g6 24.Nb2 Nxb2 25.Qxb2 Qb6 26.Qe2 Be7 27.Ra4 Rc8 28.Qd2 Rh4 29.Rf3 f5
30.exf6 Bxf6 31.Bxg6+ Ke7 32.Rxg3 Qc7 33.Rf3 Rg8 34.Bd3 Rgg4 35.Bxa6 Rxf4
36.Be2 Qd7 37.Rxf4 Qxa4 38.Rxh4 Bxh4 39.Qh6 Qa1+ 40.Kh2 Qe1 41.Qg7+  1-0

[Event "EY Girls U16 2012"]
[Site "Prague CZE"]
[Date "2012.08.22"]
[Round "6.24"]
[White "Schmalhorst,S"]
[Black "Djogteva,Jekaterina"]
[Result "1-0"]
[WhiteElo "1905"]
[BlackElo "1828"]

1.e4 c5 2.Nf3 e6 3.d4 cxd4 4.Nxd4 a6 5.Nc3 Qc7 6.g3 Nc6 7.Bg2 Bc5 8.Nb3 Ba7
9.Qg4 Qe5 10.O-O h5 11.Qe2 h4 12.Bf4 Qf6 13.Nd5 exd5 14.exd5+ Nge7 15.Rfe1 g5
16.Bc7 Nd8 17.Be5 Qxf2+ 18.Qxf2 Bxf2+ 19.Kxf2 hxg3+ 20.Bxg3 f5 21.d6 f4 22.Rxe7+ Kf8
23.Nc5 fxg3+ 24.Kxg3 Rh6 25.Rf1+ Kg8 26.Re8+ Kg7 27.Rxd8 Rxd6 28.Ne4 Rb6
29.Nxg5 Rg6 30.Rf7+ Kh6 31.Rh8+ Kxg5 32.h4+  1-0

[Event "11th Lichtenberger Sommer 2012"]
[Site "Berlin GER"]
[Date "2012.08.23"]
[Round "6.7"]
[White "Bruchmann,S"]
[Black "Simon,Ra"]
[Result "1/2-1/2"]
[WhiteElo "2315"]
[BlackElo "2153"]

1.e4 c5 2.Nf3 e6 3.Nc3 a6 4.d4 cxd4 5.Nxd4 Qc7 6.Bd3 Nc6 7.Nxc6 bxc6 8.O-O Nf6
9.Qe2 d6 10.f4 Nd7 11.Na4 Be7 12.Be3 c5 13.c4 O-O 14.Rac1 Bb7 15.Nc3 Nb8
16.Qh5 g6 17.Qh6 Bf6 18.f5 Qe7 19.Rf3 Bg7 20.Qf4 Nd7 21.Rh3 Rfe8 22.Kh1 Rad8
23.Rf1 exf5 24.exf5 Bxc3 25.bxc3 Ne5 26.Qh6 f6 27.fxg6 Nxd3 28.Bg5 Be4 29.gxh7+  1/2-1/2

[Event "EY Boys U18 2012"]
[Site "Prague CZE"]
[Date "2012.08.23"]
[Round "7.8"]
[White "Zhou,Y"]
[Black "Savitskiy,S"]
[Result "1-0"]
[WhiteElo "2430"]
[BlackElo "2368"]

1.e4 c5 2.Nf3 e6 3.Nc3 a6 4.d4 cxd4 5.Nxd4 b5 6.Bd3 Bb7 7.O-O Nc6 8.Nxc6 Bxc6
9.Re1 Qb8 10.a4 b4 11.Nd5 Bd6 12.h3 Ne7 13.Nxe7 Bxe7 14.Qh5 d6 15.Bd2 O-O
16.c3 b3 17.a5 g6 18.Qd1 d5 19.exd5 Bxd5 20.c4 Bc6 21.Bc3 Rd8 22.Qd2 Bc5
23.Be5 Qa7 24.Rad1 Rxd3 25.Qxd3 Bxf2+ 26.Kh2 Bxe1 27.Qd8+  1-0

[Event "EY Girls U18 2012"]
[Site "Prague CZE"]
[Date "2012.08.23"]
[Round "7.4"]
[White "Rakhmangulova,A"]
[Black "Gevorgyan,M"]
[Result "1-0"]
[WhiteElo "2234"]
[BlackElo "2069"]

1.e4 c5 2.Nf3 e6 3.d4 cxd4 4.Nxd4 a6 5.Nc3 Qc7 6.Be2 Nc6 7.O-O Nf6 8.Nxc6 bxc6
9.f4 d5 10.e5 Bc5+ 11.Kh1 Ng8 12.Na4 Ba7 13.c4 Qe7 14.Qc2 Nh6 15.cxd5 cxd5
16.Qc6+ Qd7 17.Qxa8 O-O 18.Bd2 Nf5 19.Rac1 g6 20.Bb4 Re8 21.Bd6 Be3 22.Rc7 Qd8
23.Bd3 Qh4 24.Bxf5 Bxf4 25.Bh3 Bd7 26.Qxa6 g5 27.Rxd7  1-0

[Event "EY Boys U16 2012"]
[Site "Prague CZE"]
[Date "2012.08.23"]
[Round "7.18"]
[White "Dobes,V"]
[Black "Korchmar,V"]
[Result "0-1"]
[WhiteElo "2060"]
[BlackElo "2234"]

1.e4 c5 2.Nf3 e6 3.d4 cxd4 4.Nxd4 a6 5.Nc3 Qc7 6.Bd3 Nf6 7.f4 d6 8.O-O b5
9.a3 Be7 10.Kh1 Bb7 11.Qe1 Nbd7 12.Bd2 O-O 13.Qg3 Nc5 14.Rae1 Nxd3 15.cxd3 Rfe8
16.b4 Bf8 17.Nb3 Rac8 18.Rc1 Qd7 19.e5 dxe5 20.fxe5 Nh5 21.Qg5 g6 22.Ne4 Qxd3
23.Nbc5 Bxc5 24.Nxc5 Qd5 25.Rce1 h6 26.Qg4 Qxd2 27.Nxb7 Rc4 28.Qd1 Qg5 29.g3 Nxg3+
30.hxg3 Qxg3  0-1

[Event "EY Boys U14 2012"]
[Site "Prague CZE"]
[Date "2012.08.23"]
[Round "7.32"]
[White "Msellek,I"]
[Black "Shahaliyev,Ismayil"]
[Result "1/2-1/2"]
[WhiteElo "2173"]
[BlackElo "1954"]

1.e4 c5 2.Nc3 e6 3.Nf3 a6 4.d4 cxd4 5.Nxd4 d6 6.Be2 Nf6 7.O-O Be7 8.a4 Nc6
9.Be3 O-O 10.f4 Qc7 11.Nb3 b6 12.Bf3 Bb7 13.Qd2 Rfe8 14.g4 Nd7 15.g5 Bf8
16.h4 Nb4 17.h5 Nc5 18.Nd4 d5 19.e5 Ne4 20.Bxe4 dxe4 21.Nb3 Bd5 22.Nxd5 Nxd5
23.Bd4 Bc5 24.c3 Bxd4+ 25.Nxd4 Qc4 26.a5 Rab8 27.axb6 Rxb6 28.Rac1 e3 29.Qc2 g6
30.b3 Qc5 31.Qd3 Rd8 32.b4 Qe7 33.Qe4 Rc8 34.c4 Nxb4 35.c5 Rbb8 36.Qxe3 Nd5
37.Qf2 Rb4 38.c6 Qa7 39.Rfd1 Qb6 40.Rc2 a5 41.Kh1 a4 42.f5 gxf5 43.Nxf5 exf5
44.Rxd5 Rh4+ 45.Kg2 Qb3 46.Qxf5 Qxd5+ 47.Kg3 Rxc6 48.Rxc6 Qxc6 49.Kxh4 a3
50.Qd3 Qa4+ 51.Kg3 Qa8 52.e6 fxe6 53.Qd7 Qb8+ 54.Kg4 Qb4+ 55.Kh3 Qb3+ 56.Kg4 Qc4+
57.Kg3 Qc3+ 58.Kg4  1/2-1/2

[Event "14th Sants Open A"]
[Site "Barcelona ESP"]
[Date "2012.08.24"]
[Round "9.14"]
[White "Escobar Forero,A"]
[Black "Larduet Despaigne,C"]
[Result "1-0"]
[WhiteElo "2493"]
[BlackElo "2370"]

1.e4 c5 2.Nf3 e6 3.d4 cxd4 4.Nxd4 a6 5.Nc3 b5 6.Bd3 Qb6 7.Nb3 Qc7 8.O-O Nf6
9.Qf3 Bb7 10.Bf4 d6 11.Rfe1 Nbd7 12.a4 b4 13.Na2 Ne5 14.Qe2 Nxd3 15.Qxd3 a5
16.c3 Ba6 17.Qf3 bxc3 18.Nxc3 Qb6 19.Nb5 Bxb5 20.axb5 e5 21.Bg5 Be7 22.Qe2 O-O
23.Be3 Qd8 24.b6 a4 25.Nd2 Qd7 26.Rec1 Bd8 27.Nc4 Re8 28.Qd3 Re6 29.Rd1 Qc6
30.f3 Rb8 31.Rac1 Qb5 32.Nxd6 Qxb2 33.Rb1 Qa2 34.Nc4  1-0

[Event "12th Brasschaat Open"]
[Site "Brasschaat BEL"]
[Date "2012.08.24"]
[Round "7.4"]
[White "Schuermans,R"]
[Black "Mainka,R"]
[Result "0-1"]
[WhiteElo "2180"]
[BlackElo "2467"]

1.e4 c5 2.Nf3 e6 3.d4 cxd4 4.Nxd4 a6 5.Nc3 Qc7 6.g3 Bb4 7.Bd2 Nf6 8.Bg2 Nc6
9.Nxc6 dxc6 10.O-O Be7 11.Qe2 e5 12.h3 O-O 13.a4 a5 14.Nd1 b6 15.Ne3 Ba6
16.c4 g6 17.Bc3 Bc5 18.Nc2 Qe7 19.Kh2 Rfe8 20.b3 Nh5 21.Rad1 Rad8 22.Bf3 Ng7
23.h4 h5 24.Bg2 Bc8 25.Bh3 Bxh3 26.Kxh3 Bd6 27.Qe3 Qc7 28.Kg2 Ne6 29.Bb2 Bc5
30.Qh6 Bf8 31.Qe3 Bg7 32.Qf3 Rb8 33.Ba3 Nd4 34.Nxd4 exd4 35.Rfe1 Re6 36.Bc1 Rbe8
37.Kf1 Qb7 38.Qd3 c5 39.f3 Qd7 40.Kf2 Qc6 41.Rg1 Qd7 42.Rge1 Kh7 43.f4 R6e7
44.Kg2 Qc6 45.Kf1 Rxe4 46.Rxe4 Rxe4 47.Re1 f5 48.Re2 Kg8 49.Kf2 Kf7 50.Bd2 Bf8
51.Re1 Rxe1 52.Bxe1 Qe4 53.Qf3 Qc2+ 54.Kf1 Qe4 55.Kf2 Bg7 56.Bd2 Ke6 57.Qe2 d3
58.Qxe4+ fxe4 59.Be3 Kf5 60.Kg2 Bd4 61.Bc1 Kg4  0-1

[Event "ZMDI Open A 2012"]
[Site "Dresden GER"]
[Date "2012.08.24"]
[Round "7"]
[White "Danin,A"]
[Black "Oleksienko,M"]
[Result "1/2-1/2"]
[WhiteElo "2530"]
[BlackElo "2535"]

1.e4 c5 2.Nf3 e6 3.d4 cxd4 4.Nxd4 a6 5.Nc3 b5 6.Bd3 Qb6 7.Nf3 Qc7 8.O-O Bb7
9.Re1 Be7 10.e5 f5 11.Nd4 g6 12.a4 b4 13.Na2 Nc6 14.Bf1 Nxd4 15.Qxd4 Qc5
16.Qd1 Rc8 17.c3 bxc3 18.Nxc3 Qa5 19.Na2 Bc6 20.b3 Bb7 21.b4 Qd5 22.Be3 Qxd1
23.Rexd1 Bd8 24.b5 a5 25.Rac1 Ne7 26.Nc3 Bc7 27.Bd4 Kf7 28.g3 Rhd8 29.Bg2 Bxg2
30.Kxg2 d6 31.exd6 Rxd6 32.Be3 e5 33.Na2 Rxd1 34.Rxd1 Ke6 35.Rc1 Bd8 36.Bd2 Kd5
37.Rd1 Ke6 38.Rc1 Kd5 39.Bg5 Rxc1 40.Nxc1 Kc4 41.Bf6 Kb4 42.Nd3+ Kxa4 43.Nxe5 Kxb5
44.Nf7 Nd5 45.Bxd8 a4 46.Bg5 a3 47.Bc1 a2 48.Bb2 Kc4 49.Ne5+ Kb3 50.Ba1 Nb4
51.Nf3 Kc2 52.Ne1+ Kb1 53.Bh8 Nd5 54.Kf3 a1=Q 55.Bxa1 Kxa1 56.g4 fxg4+ 57.Kxg4 Kb2
58.Kg5 Kc3 59.Nf3 Kd3 60.Nh4 Ke2 61.f3 Kf2 62.Kh6 Kg1 63.Nxg6 hxg6 64.Kxg6  1/2-1/2

[Event "EY Boys U16 2012"]
[Site "Prague CZE"]
[Date "2012.08.24"]
[Round "8.26"]
[White "Krasovskiy,Kirill"]
[Black "Grandadam,P"]
[Result "1-0"]
[WhiteElo "2024"]
[BlackElo "2237"]

1.e4 c5 2.Nf3 e6 3.d4 cxd4 4.Nxd4 a6 5.Nc3 Qc7 6.Bd3 Nf6 7.O-O Be7 8.Kh1 d6
9.f4 Nbd7 10.Qe2 b5 11.Bd2 Bb7 12.Rae1 b4 13.Nd1 Nc5 14.e5 Nd5 15.Nf2 g6
16.Nb3 Na4 17.Rb1 O-O 18.Ng4 Rfc8 19.f5 exf5 20.Nh6+ Kf8 21.Bxf5 gxf5 22.Qh5 Ke8
23.Qxf7+ Kd7 24.Nd4 Qc4 25.Qe6+ Kc7 26.Nhxf5 Nc5 27.exd6+ Kb8 28.Qh6 Rg8
29.Rg1 Ne4 30.Be1 Bg5 31.Qe6 Ka7 32.Qxe4 Nf4 33.Qe3 Kb8 34.Qb3 Qxb3 35.axb3 Bf6
36.Bg3 Nh5 37.Rbd1 Nxg3+ 38.Nxg3 Be5 39.Rd3 Ka7 40.d7 h5 41.Ne6 h4 42.d8=Q Raxd8
43.Nxd8  1-0

[Event "EY Boys U18 2012"]
[Site "Prague CZE"]
[Date "2012.08.24"]
[Round "8.15"]
[White "Savitskiy,S"]
[Black "Braun,Mare"]
[Result "1-0"]
[WhiteElo "2368"]
[BlackElo "2200"]

1.e4 c5 2.Nf3 e6 3.d4 cxd4 4.Nxd4 a6 5.Nc3 Qc7 6.Bd3 Nf6 7.O-O Nc6 8.Nxc6 bxc6
9.Re1 d5 10.exd5 cxd5 11.Bg5 Bb7 12.Qf3 Be7 13.Bxf6 gxf6 14.Qh5 Qd7 15.Rad1 Bd6
16.Na4 Rd8 17.Nb6 Qe7 18.Bxa6 Bxa6 19.Nxd5 Qb7 20.Rxe6+ Kd7 21.Re3 Rhe8 22.Nxf6+ Kc8
23.Rxe8 Bxh2+ 24.Qxh2  1-0

[Event "EY Girls U18 2012"]
[Site "Prague CZE"]
[Date "2012.08.24"]
[Round "8.26"]
[White "Bass,Leenoy"]
[Black "Urbonaviciute,Z"]
[Result "1/2-1/2"]
[WhiteElo "1614"]
[BlackElo "1763"]

1.e4 c5 2.Nf3 e6 3.d4 cxd4 4.Nxd4 a6 5.Nc3 Ne7 6.Be2 Nbc6 7.O-O Nxd4 8.Qxd4 Nc6
9.Qe3 Be7 10.Qg3 O-O 11.Bf4 Bh4 12.Qe3 b5 13.Bd6 Be7 14.Rad1 Bb7 15.Bf3 Bxd6
16.Rxd6 Ne5 17.Be2 Qc7 18.Qd4 Nc6 19.Qc5 Rac8 20.Rfd1 Rfd8 21.a3 h6 22.h3 Na5
23.Qd4 Nc6 24.Qd2 Nb8 25.Qe3 Nc6 26.Qf4 Ne7 27.Bh5 Ng6 28.Qg3 Ne7 29.Qf4 Ng6
30.Qg3 Ne7 31.Qf4 Ng6  1/2-1/2

[Event "EY Boys U16 2012"]
[Site "Prague CZE"]
[Date "2012.08.24"]
[Round "8.24"]
[White "Starcevs,Dmitrijs"]
[Black "Hrdina,R"]
[Result "1-0"]
[WhiteElo "2052"]
[BlackElo "2024"]

1.e4 c5 2.Nf3 e6 3.d4 cxd4 4.Nxd4 a6 5.Nc3 Qc7 6.g3 Nf6 7.Bg2 Be7 8.O-O O-O
9.Be3 d6 10.h3 Nbd7 11.Nde2 Ne5 12.b3 Nc6 13.Na4 Nd7 14.c4 b6 15.Rc1 Bb7
16.Nac3 Qd8 17.Qd2 Nc5 18.Rb1 Rc8 19.f4 Qc7 20.f5 Ne5 21.Nf4 Bg5 22.Qe2 Bxf4
23.gxf4 Nc6 24.Qg4 Qe7 25.Rbe1 Qf6 26.Bxc5 bxc5 27.e5 Qxf5 28.Qxf5 exf5 29.exd6 Rfd8
30.Na4 Na5 31.d7 Rb8 32.Nxc5 Bxg2 33.Kxg2 Kf8 34.Nxa6 Rb7 35.Nc5 Rc7 36.Re3 Nb7
37.Rfe1 Nd6 38.b4 Ne4 39.Nxe4 fxe4 40.Rxe4 Rcxd7 41.c5 f5 42.Re5 Rd2+ 43.R1e2 R8d4
44.Rxf5+ Kg8 45.Rxd2 Rxd2+ 46.Kf3 Rxa2 47.c6  1-0

[Event "EY Boys U16 2012"]
[Site "Prague CZE"]
[Date "2012.08.24"]
[Round "8.12"]
[White "Studer,N"]
[Black "Szotkowski,J"]
[Result "1-0"]
[WhiteElo "2273"]
[BlackElo "2109"]

1.e4 c5 2.Nf3 e6 3.d4 cxd4 4.Nxd4 a6 5.Nc3 Qc7 6.Bd3 Nf6 7.O-O Bc5 8.Nb3 Ba7
9.Kh1 d6 10.f4 Nbd7 11.a4 O-O 12.Qf3 Rd8 13.Bd2 Nf8 14.Rae1 Ng6 15.Qg3 d5
16.e5 Ne8 17.Qg5 f6 18.exf6 gxf6 19.Qg3 f5 20.h4 Nf6 21.Ne2 Kf7 22.Bc3 Rg8
23.h5 d4 24.Nbxd4 Ne7 25.Qh3 Ng4 26.b3 Nd5 27.Bc4 Nde3 28.Rf3 Nxc4 29.bxc4 Qxc4
30.Qh4 b5 31.axb5 axb5 32.Rb1 Bxd4 33.Nxd4 Bb7 34.Nxb5 Qd5 35.Nd6+ Qxd6 36.Rxb7+ Ke8
37.Qe1 Rg5 38.Rxh7 Ra4 39.Rh8+ Kf7 40.Rh7+ Kg8 41.Rd3  1-0

[Event "27th Schwarzacher Open"]
[Site "Schwarzach AUT"]
[Date "2012.08.24"]
[Round "7.3"]
[White "Zelcic,R"]
[Black "Schnepp,G"]
[Result "1-0"]
[WhiteElo "2552"]
[BlackElo "2308"]

1.e4 c5 2.Nf3 e6 3.Nc3 a6 4.d4 cxd4 5.Nxd4 Qc7 6.Be2 Nf6 7.O-O Be7 8.f4 d6
9.Kh1 O-O 10.a3 Nc6 11.Be3 Bd7 12.Qe1 Nxd4 13.Bxd4 Bc6 14.Qg3 b5 15.Rae1 Qb7
16.Bf3 Rfd8 17.Rd1 Rac8 18.Rfe1 Ne8 19.Nd5 Bf8 20.Nb4 a5 21.Nxc6 Qxc6 22.c3 Rd7
23.Rd2 Rb7 24.b4 Be7 25.e5 d5 26.Bg4 Bd8 27.f5 Bb6 28.fxe6 fxe6 29.Rf2 Bxd4
30.cxd4 Re7 31.Ref1 Nc7 32.bxa5 Qc4 33.Qf4 Ree8  1-0